[Event "Go-Makkah Chess Festival 2019"]
[Site "Sousse"]
[Date "2019.09.03"]
[Round "3.1"]
[White "Miezis, Normunds"]
[Black "Ezat, Mohamed"]
[Result "1-0"]
[WhiteElo "2486"]
[BlackElo "2458"]
[Annotator "TA"]
[PlyCount "83"]
[EventDate "2019.09.02"]
[EventType "swiss"]
[EventCountry "TUN"]
[SourceTitle "playchess.com"]
[Source "ChessBase"]
[SourceQuality "1"]

{[%evp 15,83,6,15,6,22,20,34,24,37,27,21,30,14,33,45,38,39,52,67,59,53,61,72,75,67,46,108,95,112,105,125,65,83,75,145,147,343,354,761,754,848,828,1917,1681,1239,602,602,471,1177,344,341,336,333,328,331,329,316,320,317,0,2,0,286,285,1043,1040,29995,29996,29997,339]} 1. c4 Nf6 2. Nc3 g6 3. g3 Bg7 4. Bg2 O-O 5. e4 d6 6. Nge2 c5 7. O-O Nc6 8. a3 a6 9. Rb1 {A36: Symmetrical English vs ...g6: 4 Bg2 Bg7} Be6 (9... Rb8 10. b4 b6 11. d3 Bb7 12. h3 Nd7 13. Be3 Nd4 14. Qd2 Re8 15. Bh6 Bh8 16. Nxd4 cxd4 {0-1 (68) Pridorozhni,A (2571)-Iljiushenok,I (2512) Taganrog 2018}) 10. d3 Rb8 11. b4 {White is slightly better.} cxb4 12. axb4 b5 13. cxb5 axb5 14. h3 Ne8 15. Be3 Qd7 $146 ({Predecessor:} 15... Qc8 16. Nd5 Bxd5 17. exd5 Nd8 18. Qb3 Qd7 19. Rbc1 e6 20. Nd4 Nc7 21. Nc6 Nxc6 22. dxc6 {1-0 (50) Stefansson,V (2171)-Ng,C (1648) Poprad 2016}) 16. Kh2 f5 17. Nd5 fxe4 $1 18. dxe4 Ne5 19. Nd4 Bf7 20. Bg5 e6 (20... Nf6 $14) 21. Ne7+ $16 Kh8 22. f4 Nc4 23. f5 ({White should play} 23. Ndc6 $16 Ra8 24. f5) 23... Ne5 24. Rc1 Nf6 (24... exf5 $142 25. exf5 Nf6 26. Bxf6 Bxf6) 25. Ndc6 $36 {[%mdl 2048] Hoping for Nxe5. White has strong initiative.} ({Don't do} 25. fxe6 $6 Bxe6 26. Nxe6 Qxe6 $14) 25... Nxc6 $2 (25... Rb7 $16 {might work better.}) 26. Nxc6 $18 Rbc8 $2 (26... Rb7 27. e5 dxe5 28. Nxe5 Qxd1 29. Rcxd1 Ra7 30. Nxf7+ Raxf7 31. fxe6 Re7) 27. e5 Nd5 28. f6 Rxc6 29. fxg7+ Kxg7 30. Rxc6 (30. Qd4 $142 h6 31. Rxc6 Qxc6 32. exd6+ {[%mdl 64] Discovered Attack} Kh7 33. Be7) 30... Qxc6 31. Bxd5 exd5 (31... Qxd5 $142 32. Qxd5 exd5 33. exd6 h6) 32. e6 $2 (32. exd6 {Intending Qd4+ and mate.} Qc3 33. Bf6+ Qxf6 34. Rxf6 Kxf6 35. Qd4+ Ke6 36. Qe3+ Kxd6 37. Qc5+ {[%mdl 64] Double Attack} Ke6 38. Qxf8) 32... Bxe6 33. Qd4+ Kg8 34. Rxf8+ Kxf8 35. Qh8+ Bg8 36. Bh6+ Ke7 {[#]} 37. Bg5+ $2 ({And not} 37. Qxg8 Qc2+ 38. Kh1 Qb1+ 39. Kh2 Qc2+ 40. Kh1 Qb1+ 41. Kh2 Qc2+ $11) (37. Qg7+ $1 $18 Ke6 38. Qxg8+ Ke5 39. Qg7+ Ke6 40. Qb2) 37... Kf8 $1 $11 38. Bh6+ $2 {[%mdl 8192]} (38. Qf6+ $11 Bf7 39. Qh8+ {[%mdl 64] Double Attack} Bg8) 38... Ke7 $18 {[#]} 39. Qg7+ $1 ({Stronger than} 39. Qxg8 Qc2+ 40. Kh1 Qb1+ 41. Kg2 Qc2+ 42. Kf3 Qe4+ 43. Kf2 Qc2+ 44. Kf1 Qd3+ 45. Kf2 Qc2+ 46. Kg1 Qb1+ 47. Kh2 Qc2+ 48. Kg1 Qb1+ 49. Kh2 Qc2+ $11) 39... Bf7 $2 (39... Ke6) 40. Bg5+ Ke8 41. Qh8+ Kd7 42. Qd8+ {Accuracy: White = 65%, Black = 30%.} 1-0

[Event "Go-Makkah Chess Festival 2019"]
[Site "Sousse"]
[Date "2019.09.03"]
[Round "3.2"]
[White "Kohlweyer, Bernd"]
[Black "Stefansson, Hannes"]
[Result "1/2-1/2"]
[WhiteElo "2319"]
[BlackElo "2538"]
[Annotator "TA"]
[PlyCount "60"]
[EventDate "2019.09.02"]
[EventType "swiss"]
[EventCountry "TUN"]
[SourceTitle "playchess.com"]
[Source "ChessBase"]
[SourceQuality "1"]

{[%evp 13,60,45,35,33,54,30,45,23,26,29,37,17,18,22,24,20,25,21,21,29,27,25,11,-8,-3,-30,-26,-26,-34,-23,-15,-8,0,0,248,244,249,220,412,400,352,141,425,430,360,0,68,0,357]} 1. d4 Nf6 2. c4 e6 3. Nf3 b6 4. a3 Bb7 5. Nc3 g6 6. Qc2 Bg7 7. e4 O-O 8. Bd3 {E12: Queen's Indian: Unusual White 4th moves, 4 a3, 4 Nc3 Bb7 5 a3 and 4 Nc3 Bb7} (8. Be2 d5 9. cxd5 exd5 10. e5 Ne4 11. Be3 Nd7 12. Rd1 c5 13. dxc5 Nxc3 14. Qxc3 bxc5 15. Bxc5 Rc8 {0-1 (55) Dreev,A (2670)-Mamedyarov,S (2817) chess.com INT 2019}) 8... d6 9. h3 Nbd7 10. Be3 {White is slightly better.} e5 11. dxe5 $146 ({Predecessor:} 11. O-O Nh5 12. Rfe1 exd4 13. Nxd4 Nc5 14. Rad1 Re8 15. b4 Nxd3 16. Qxd3 {½-½ (40) Esen,B (2565)-Bartel,M (2626) Warsaw 2013}) 11... dxe5 12. b4 Nh5 13. O-O Nf4 14. Rfd1 Ne6 15. c5 bxc5 16. bxc5 Ndxc5 17. Bxc5 Nxc5 18. Bc4 Qe8 19. Bb5 c6 20. Bc4 Qe7 21. Na4 Nd7 22. Rab1 $36 {[%mdl 2048] White is pushing.} Rab8 23. Ng5 Bf6 $2 {[#]} (23... Qxg5 $11 24. Rxd7 Bc8 25. Bxf7+ Kh8 26. Rxb8 Bxd7 27. Rxf8+ Bxf8) 24. Nxf7 $1 $18 Kg7 25. Nd6 Ba8 $2 (25... Nb6 26. Nc5 (26. Nxb6 axb6 27. Rxb6 Ba8 $16) 26... Bc8) 26. Rxb8 Rxb8 27. Ba2 (27. Nf7 $18 {and the rest is easy.}) 27... Rd8 $2 {[%mdl 8192] [#]} (27... c5 $16 {keeps fighting.} 28. Nxc5 Nxc5) 28. Nf7 $1 {[%cal Rf7d8]} Rf8 29. Nd6 $2 ({White should play} 29. Qd2 $18 {aiming for Qh6+.} Rxf7 30. Bxf7) 29... Rd8 $1 $14 30. Nf7 $2 {[%mdl 8192]} (30. Nc4 $14) 30... Rf8 {[%mdl 32768] Accuracy: White = 48%, Black = 57%. . An unexpected result.} 1/2-1/2

[Event "Go-Makkah Chess Festival 2019"]
[Site "Sousse"]
[Date "2019.09.03"]
[Round "3.3"]
[White "Romero Holmes, Alfonso"]
[Black "Ameir, Moheb"]
[Result "1/2-1/2"]
[WhiteElo "2414"]
[BlackElo "2308"]
[Annotator "TA"]
[PlyCount "37"]
[EventDate "2019.09.02"]
[EventType "swiss"]
[EventCountry "TUN"]
[SourceTitle "playchess.com"]
[Source "ChessBase"]
[SourceQuality "1"]

{[%evp 15,37,6,15,0,0,0,0,0,0,0,0,8,32,14,25,7,15,27,16,-23,-20,-13,-3,-3]} 1. c4 ({Predecessor:} 1. e4 c5 2. c3 g6 3. d4 cxd4 4. cxd4 d5 5. exd5 Nf6 6. Bc4 Nxd5 7. Qb3 e6 8. Nf3 Nc6 {1-0 (58) Kahn,P (1993)-Bauder,H (1869) Bergen 2011}) 1... c5 2. Nf3 Nc6 3. Nc3 g6 4. e3 Nf6 5. d4 cxd4 6. exd4 d5 7. cxd5 Nxd5 8. Qb3 e6 9. Bc4 $146 {[%cal Rc3d5] A35: Symmetrical English: 2 Nc3 Nc6 3 Nf3} (9. Bb5 Bg7 10. O-O O-O 11. Bxc6 bxc6 12. Re1 Qc7 13. h3 Rb8 14. Qd1 Rd8 15. Ne4 h6 16. Bd2 Kh7 17. Rb1 Rb5 {1-0 (78) Cheparinov,I (2709)-Alekseev,E (2639) St Petersburg 2018}) 9... Bg7 10. Nxd5 exd5 11. Bxd5 O-O {[#] And now ...Na5 would win.} 12. Bxc6 bxc6 13. O-O Be6 14. Qa3 Qb6 15. Bg5 Bd5 16. Be7 Rfb8 17. b4 a5 {[%cal Ra5b4]} 18. Bc5 Qb5 {[%cal Ra5b4]} 19. bxa5 1/2-1/2

[Event "Go-Makkah Chess Festival 2019"]
[Site "Sousse"]
[Date "2019.09.03"]
[Round "3.4"]
[White "Amdouni, Zoubaier"]
[Black "Rian, Moubarak"]
[Result "1-0"]
[WhiteElo "2290"]
[BlackElo "2048"]
[Annotator "TA"]
[PlyCount "109"]
[EventDate "2019.09.02"]
[EventType "swiss"]
[EventCountry "TUN"]
[SourceTitle "playchess.com"]
[Source "ChessBase"]
[SourceQuality "1"]

{[%evp 9,109,-18,-5,-15,27,20,26,6,52,51,31,40,46,43,47,39,45,-35,0,-24,-18,-10,-10,-9,-30,-29,-8,-10,0,0,0,0,0,0,11,-36,-39,-21,-122,-122,-127,-104,-116,-100,-94,-89,0,0,0,0,48,-37,-42,-33,43,28,14,25,808,49,316,0,118,121,133,106,114,93,96,95,143,143,150,150,172,172,214,182,199,211,218,178,212,209,235,297,274,258,358,350,329,148,1043,697,29992,29991,29991,29992,29996,29992,29997,29998]} 1. e4 e6 2. d4 d5 3. Nc3 Bb4 4. e5 c5 5. dxc5 Nc6 6. Nf3 {C17: French: 3 Nc3 Bb4 4 e5 c5 sidelines} d4 {[%mdl 64] Pin} (6... Nge7 7. Bd3 Ng6 8. O-O O-O 9. Bg5 Qa5 10. Bd2 Qxc5 11. a3 Bxc3 12. Bxc3 Qe7 13. Re1 Rd8 14. Bd4 b6 15. c3 Bb7 {½-½ (66) Hovhannisyan,R (2631)-Martirosyan,H (2516) Yerevan 2017}) 7. a3 Ba5 {[%mdl 64] Pin} 8. b4 {Hoping for Nb5.White has an edge.} Nxb4 (8... dxc3 {keeps more tension.} 9. bxa5 Qxd1+ 10. Kxd1 Nge7 11. a6 bxa6 12. Rb1 Bb7) 9. axb4 Bxb4 {[%mdl 64] Double Attack, Pin} 10. Bb5+ Bd7 11. Qxd4 Bxc3+ $1 12. Qxc3 Bxb5 13. Qb3 (13. Nd4 $14 Qd7 14. Rb1 (14. Nxb5 Qxb5 15. Qd3 Qxd3 $11)) 13... Qd7 $146 (13... Bc6 {is interesting.} 14. Be3 Qc7 15. O-O Ne7 16. Nd4 O-O) ({Predecessor:} 13... Bc6) 14. c4 (14. Bg5 {feels hotter.} h6 15. Rd1 Qc6 16. Be3 Ba6 17. Rd6) 14... Bc6 15. O-O Ne7 16. Rd1 Qc7 17. Nd4 O-O 18. Bb2 Ng6 19. Nb5 Qe7 20. Nxa7 Rxa7 21. Rxa7 Nf4 22. g3 Qxc5 {( -> ...Nh3+)} 23. Qe3 Nh3+ 24. Kf1 Qxc4+ 25. Qe2 Bg2+ $1 {[%mdl 1024] Black has strong compensation.} 26. Ke1 Qb4+ 27. Qd2 Qe4+ ({Black should play} 27... Qb5 $17 {[%csl Gg2][%cal Rb5f1]} 28. Qe2 Qb6) 28. Qe3 $11 {Threatens to win with Qxe4.} Qb4+ 29. Bc3 Qb3 30. Bd2 (30. f4 $14) 30... Qb5 {[%csl Gg2][%cal Rb5f1]} 31. Qe2 Qb6 (31... Qc6 $15 32. Rc1 Qd5) 32. Be3 $14 Qb4+ 33. Qd2 Qe4 $2 {[%mdl 8192] [#]} (33... Qg4 $11 34. f4 Bc6) 34. Qd4 $2 (34. Ra8 $1 $18 {[%cal Ra8f8][%mdl 512]} h5 (34... Rxa8 35. Qd8+) 35. Rxf8+ Kh7 36. Qd3) 34... Qf5 $2 {[%mdl 8192] [#]} (34... Qf3 $14) 35. Qd6 $2 (35. Ra8 $1 $18 {[%cal Ra8f8][%mdl 512] Intending Rxf8+ and mate.} g5 (35... Rxa8 36. Qd8+) 36. g4) 35... f6 (35... g5 $11) 36. exf6 $16 gxf6 37. Qc5 $40 {[%mdl 128] Black is in trouble.} Bd5 38. f4 Qe4 {[#]} 39. Kd2 $1 Bb3 40. Re1 {And now Qxf8+! would win.} Rd8+ 41. Kc1 Bd5 42. Qc3 {Black must now prevent Bb6.} Qg6 43. Bb6 Re8 44. Ra5 Qf7 45. Kb2 Rf8 46. Rc1 Bc6 47. Qe3 Qd7 48. Qe2 {Rd1 is the strong threat.} f5 49. Rd1 Bd5 50. Qe5 (50. Bd4 $18 {and White stays clearly on top. aiming for Qe5.} b6 51. Ra3 (51. Bxb6 Rb8 $11)) 50... Kf7 $2 {[%mdl 8192]} (50... Qg7 $16 51. Qxg7+ Kxg7) 51. Bd4 {White threatens Qg7+ and mate.} Ke7 52. Bc5+ {White mates.} Kf7 53. Bxf8 b6 54. Qg7+ Ke8 {[#]} 55. Ra8+ $1 {[%mdl 64] Pin. Accuracy: White = 63%, Black = 29%.} 1-0

[Event "Go-Makkah Chess Festival 2019"]
[Site "Sousse"]
[Date "2019.09.03"]
[Round "3.5"]
[White "Al Ghamdi, Ahmed M"]
[Black "Bouzidi, Ahmed"]
[Result "1-0"]
[WhiteElo "2113"]
[BlackElo "2197"]
[Annotator "TA"]
[PlyCount "75"]
[EventDate "2019.09.02"]
[EventType "swiss"]
[EventCountry "TUN"]
[SourceTitle "playchess.com"]
[Source "ChessBase"]
[SourceQuality "1"]

{[%evp 15,75,15,15,0,10,-27,-24,-28,-27,-143,0,-152,-161,-179,-41,-47,-45,-99,-70,-66,-53,-64,-43,-54,-48,-45,-64,-119,-82,-54,10,-10,14,13,129,125,104,52,76,39,39,41,0,-87,0,0,1,0,0,0,0,0,721,710,670,661,765,693,29986,29987,29987,29988]} 1. e4 c5 2. Nf3 d6 3. d4 cxd4 4. Nxd4 Nf6 5. Nc3 a6 6. f3 e6 7. Be3 b5 8. a3 Bb7 9. Qd2 {B80: Sicilian Scheveningen: 6 g3 and 6 Be3, including English Attack} Nbd7 10. Qf2 (10. g4 h6 11. O-O-O Rc8 12. h4 Nb6 13. Kb1 Nfd7 14. Qe1 Ne5 15. Rh3 Qc7 16. Bc1 Be7 17. g5 Nec4 18. Na2 d5 19. gxh6 gxh6 20. exd5 Nxd5 21. Bxc4 Qxc4 22. f4 Bf6 23. Qf2 {½-½ (23) Leko,P (2703)-Steinberg,N (2532) Minsk 2017}) 10... Be7 11. O-O-O {Black has an edge.} Rc8 12. g4 $146 (12. Qe1 $11) ({Predecessor:} 12. Nb3 Qc7 13. g4 Nc5 14. Nd4 Nfd7 15. Kb1 Nb6 16. Nde2 Nca4 {0-1 (74) Padurariu,V-Adondakis,H Mureck 1998}) 12... Ne5 (12... Rxc3 $17 13. bxc3 Bxe4) 13. Kb1 $2 (13. Qe1 $11) 13... Rxc3 $17 14. bxc3 Qa5 ({Better is} 14... Nexg4 $1 $19 15. Qg1 (15. fxg4 $2 Nxe4 {[%mdl 64] Double Attack} 16. Bxb5+ axb5 $19) 15... Nxe3 16. Qxe3 Qb6) 15. Nb3 $15 Qxc3 {...Nxe4! is the strong threat.} 16. Be2 (16. Bg2 $15) 16... Nfd7 {[%mdl 1024] Black has strong compensation.} (16... Nexg4 {with more complications.} 17. fxg4 Bxe4 18. Rd3 Bxd3 19. Bxd3 Nxg4 20. Qd2 Qxd2 21. Bxd2 f5) 17. Bd2 Qc7 18. Ba5 Qb8 $1 19. Bb4 Nc6 20. Bc3 O-O 21. f4 ({White should play} 21. h4 $15) 21... Ba8 22. g5 Nb6 (22... e5 $15) 23. f5 {Black must now prevent f6.} Na4 24. Ba1 $1 {Hoping for f6.} Rc8 (24... f6 $11 {remains equal.}) 25. fxe6 $1 $16 fxe6 {[#] Black wants to play ...Ne5.} 26. Bg4 (26. g6 $1 $16 {White threatens Qf7+! and mate.} hxg6 27. Qg3) 26... Nd8 $1 $14 27. Rhf1 {And now Nd4 would win.} Bxe4 28. Rd2 $40 {[%mdl 128] White has some attack.} ({Inferior is} 28. Qd4 Bxc2+ 29. Ka2 e5 $17) 28... Qc7 29. Nd4 {[#]} (29. Bxe6+ $1 $11 Nxe6 30. Qf7+ Kh8 31. Qxe6 Bxc2+ 32. Ka2) 29... Nc3+ ({Black should try} 29... Qc4 $1 $17 {aiming for ...Bd5.} 30. Qe2 (30. Bxe6+ $2 Nxe6 31. Qf7+ Kh8 $19) 30... Bd5 31. Qxc4 bxc4) 30. Bxc3 $11 Qxc3 31. Bxe6+ Nxe6 32. Qf7+ {[#]} Kh8 $1 33. Qxe6 Bxg5 $2 {[%mdl 8192]} (33... Bd5 $11 34. Qxd5 Qxd2 {[%mdl 64] Double Attack}) 34. Rdf2 $18 {[%cal Bd2f2,Bf2f3,Bf3h3][%mdl 32] Rf8+ would kill now.} Bf6 35. Qxe4 b4 36. Rf3 Qc5 {[#]} 37. Rh3 $1 {[%csl Gh3][%cal Re4h7]} h6 {[#]} 38. Rxf6 $1 {Accuracy: White = 39%, Black = 31%.} 1-0

[Event "Go-Makkah Chess Festival 2019"]
[Site "Sousse"]
[Date "2019.09.03"]
[Round "3.6"]
[White "Zrikem, Nassim"]
[Black "Rian, Saad"]
[Result "1/2-1/2"]
[WhiteElo "2090"]
[BlackElo "2100"]
[Annotator "TA"]
[PlyCount "107"]
[EventDate "2019.09.02"]
[EventType "swiss"]
[EventCountry "TUN"]
[SourceTitle "playchess.com"]
[Source "ChessBase"]
[SourceQuality "1"]

{[%evp 9,107,24,29,23,33,28,36,21,30,23,36,25,26,42,23,28,11,12,29,29,32,0,28,25,28,3,16,12,25,22,37,10,89,96,75,61,122,108,128,132,170,175,145,122,118,47,87,90,98,54,62,70,87,82,108,86,102,95,83,115,523,293,283,119,124,63,63,82,68,73,122,127,122,61,70,8,19,16,20,16,46,39,50,47,60,0,0,-8,-8,-8,0,-8,0,-68,-68,-68,-68,-68,-68,-68]} 1. d4 Nf6 2. Nf3 e6 3. e3 c5 4. c3 cxd4 (4... d5 5. Nbd2 Nbd7 6. Bd3 Bd6 7. O-O O-O 8. e4 cxd4 9. cxd4 dxe4 10. Nxe4 Nxe4 11. Bxe4 h6 12. Bc2 b6 13. Qd3 Nf6 14. Ne5 Bb7 15. Qg3 Be4 16. Bb3 Kh8 17. Bf4 Nh5 18. Qe3 Nxf4 19. Qxe4 Bxe5 20. dxe5 {0-1 (69) Dziuba,M (2556)-Wojtaszek,R (2734) Poland 2017}) 5. exd4 Be7 6. Bd3 {A46: 1 d4 Nf6 2 Nf3 e6: Torre, London and Colle Systems} O-O 7. O-O Qc7 $146 ({Predecessor:} 7... b6 8. Qe2 Bb7 9. Nbd2 d6 10. a4 a6 11. Re1 Re8 12. Ng5 Bf8 13. Nde4 Nbd7 14. Qc2 Nxe4 15. Nxe4 g6 16. Bg5 Qc7 17. Nf6+ Nxf6 18. Bxf6 {0-1 (80) Foisor,C (2351)-Arkell,K (2464) Vienna 2016}) 8. Re1 {White is slightly better.} b6 9. Bg5 Bb7 10. Nbd2 {[%cal Bb1d2,Bd2e4,Be4g3][%mdl 32]} (10. Na3 {is more complex.} a6 11. Nc2 h6 12. Bh4 d6 13. a4) 10... h6 11. Bxf6 Bxf6 12. Ne4 Be7 13. Rc1 f5 14. Ng3 Bd6 15. Ne5 Bxe5 16. dxe5 Nc6 17. Qe2 Ne7 18. Nh5 Qc6 {[%csl Gb7][%cal Rc6g2]} 19. f3 Qa4 20. b4 {[%cal Bb2b4,Bb4b5][%mdl 32] Bb5 is the strong threat.} Bd5 (20... Qa3 $11 {remains equal.}) 21. c4 $16 Bb7 22. Rb1 a5 {[#]} (22... b5 $14) 23. b5 $1 Qa3 24. Qe3 Qc5 25. Qxc5 bxc5 26. Nf4 g5 27. Nh5 (27. Ne2 $16) 27... Rfd8 28. Rbd1 Kf7 29. Bf1 f4 30. Bd3 Nc8 $1 31. Kf2 d6 32. g3 fxg3+ 33. hxg3 Nb6 34. exd6 Nc8 $2 {[%mdl 8192]} (34... Rxd6 $16 35. Bg6+ {[%mdl 64] Discovered Attack} Ke7) 35. Re5 Nxd6 36. Rxc5 (36. Rde1 $18 Ne8 37. R1e3) 36... Rac8 37. Re5 (37. Rxc8 $16 Rxc8 38. a4) 37... Nxc4 $14 {[#]} 38. Bxc4 $1 {[%mdl 512]} Rxd1 (38... Rxc4 39. Rxd8) 39. Bxe6+ {[%mdl 64] Double Attack} Kf8 {And now ...Rc2+ would win.} 40. Bxc8 Bxc8 $16 {[%mdl 4096] Endgame KRB-KRN} 41. a4 (41. Rc5 $16 Be6 42. Rc7) 41... Ra1 $14 42. Re4 (42. Rc5 $14 Ra2+ 43. Ke1) 42... Bb7 43. Rc4 Ra2+ 44. Ke3 Ra3+ 45. Kd4 Bxf3 46. Nf6 Be2 47. Rc7 (47. Rc2 $14 Rxa4+ 48. Kc5) 47... Rxa4+ $11 48. Ke5 {Threatens to win with b6.} Bxb5 49. Rb7 $132 {[%mdl 2048] White is not keeping still} Rb4 50. Nd5 Rb3 {White must now prevent ...Bc4.} 51. Kf6 (51. Rb8+ $11 Kg7 52. Rb7+ Kg8 53. Rb8+ Kg7 54. Rb7+ Kg8 55. Rb8+ Kh7 56. Rb7+ Kg6 57. Rb6+ Kg7 58. Rb7+) 51... Rf3+ {Black is slightly better.} 52. Kg6 $1 Be8+ 53. Kxh6 Bc6 {[%mdl 64] Double Attack} 54. Ra7 {Accuracy: White = 47%, Black = 48%.} 1/2-1/2

[Event "Go-Makkah Chess Festival 2019"]
[Site "Sousse"]
[Date "2019.09.03"]
[Round "3.7"]
[White "Henni, Mohamed"]
[Black "Kjartansson, David"]
[Result "0-1"]
[WhiteElo "2205"]
[BlackElo "2401"]
[Annotator "TA"]
[PlyCount "62"]
[EventDate "2019.09.02"]
[EventType "swiss"]
[EventCountry "TUN"]
[SourceTitle "playchess.com"]
[Source "ChessBase"]
[SourceQuality "1"]

{[%evp 9,62,15,3,-25,-31,-81,0,-8,-7,-22,-15,-18,-12,-19,14,-54,-35,-81,-49,-59,-47,-36,-35,-61,-42,-88,0,0,0,0,0,0,0,0,0,-357,-349,-189,-188,-199,-133,-117,-123,-142,-108,-911,-952,-29976,-29977,-29977,-29978,-29992,-29993,-29993,-1983]} 1. e4 e6 2. Qe2 c5 3. Nf3 Nc6 4. g3 Nf6 5. Bg2 d5 (5... Be7 6. O-O O-O 7. c3 d5 8. e5 Nd7 9. d4 a5 10. Rd1 a4 11. h4 b5 12. Ng5 b4 13. a3 bxc3 14. bxc3 {1-0 (47) Kobalia,M (2620)-Morozevich,A (2656) Tula 2019}) 6. e5 {C00: French: Unusual White 2nd moves} Nd7 7. O-O Qc7 ({Black should play} 7... g5 $1 $17) 8. Re1 {The position is equal.} Be7 9. d3 b5 10. Bf4 h6 11. h4 a5 12. h5 $146 (12. c4 $11 bxc4 13. dxc4) ({Predecessor:} 12. Na3 Ba6 13. c4 bxc4 14. dxc4 Rb8 15. Rad1 {1-0 (48) Czebe,A (2420)-Kierzek,M (2110) Lugano 1999}) 12... Ba6 13. Nbd2 Nb6 14. c3 Na4 15. Nf1 Rd8 16. d4 Qa7 {[%cal Rc5d4]} 17. dxc5 Nxc5 (17... b4 $1 $17 18. Qc2 Nxc5) 18. Nd4 $11 Nxd4 19. cxd4 b4 20. Qg4 Nd3 {[%mdl 64] Double Attack} 21. Qxg7 {[%mdl 64] Double Attack} Kd7 $1 {aiming for ...Rhg8.} 22. Qxf7 $2 {[%mdl 8192] [#]} (22. Ne3 $11 {and White is okay.} Qxd4 23. Rad1) 22... Rdf8 $1 $19 {[%cal Rf8f7]} (22... Nxe1 23. Rxe1 Rdf8 24. Qg6 $14) 23. Qg6 {[#]} (23. Qg7 {was necessary.} Nxf4 24. gxf4 Qxd4 {[%mdl 64] Double Attack} 25. Rec1) 23... Rhg8 $1 $36 {[%mdl 2048] Keeping White busy.} (23... Nxf4 24. gxf4 Qxd4 25. Red1 $11) (23... Nxe1 24. Rxe1 Rfg8 25. Qc2 $16 (25. Qf7 Rf8 $16)) (23... Qxd4 24. Be3 $11) 24. Qxh6 Rxf4 ({Not} 24... Nxe1 25. Rxe1 Bd3 26. Bh3 $11) (24... Qxd4 25. Be3 $15) (24... Nxf4 $19 25. gxf4 Bxf1 26. Kxf1 Qxd4) 25. gxf4 $17 {Black must now prevent f5!} Qxd4 {[%mdl 64] Double Attack} 26. Ne3 {And now f5 would win.} Nxf4 ({Reject} 26... Qxb2 $6 27. Rf1 $11) 27. Rad1 $2 {[%mdl 8192]} (27. Qh7 $17 Nh3+ 28. Kh1 Nxf2+ 29. Kg1) 27... Qe4 $19 {[%cal Rg8g2]} 28. f3 Qxf3 {[%mdl 64] Double Attack. Black mates.} 29. Rd2 Bd3 30. Kh1 Nxg2 31. Rxg2 Bg5 {Accuracy: White = 34%, Black = 57%.} (31... Be4 $142 32. Qg6 Rxg6 33. hxg6 Bg5 34. Ree2 Qxe2 {[%mdl 64] Pin} 35. Kh2 Bf4+ {[%mdl 64] Double Attack} 36. Kh1 Qe1+ 37. Nf1 Qxf1# {[%mdl 64] Pin}) 0-1

[Event "Go-Makkah Chess Festival 2019"]
[Site "Sousse"]
[Date "2019.09.03"]
[Round "3.8"]
[White "Alkrnaf, Mohamed Othman"]
[Black "Ahmed AlRehily"]
[Result "1/2-1/2"]
[WhiteElo "1915"]
[BlackElo "1827"]
[Annotator "NA RC"]
[PlyCount "50"]
[EventDate "2019.09.02"]
[EventType "swiss"]
[EventCountry "TUN"]
[SourceTitle "playchess.com"]
[Source "ChessBase"]
[SourceQuality "1"]
[TimeControl "5400+30"]

1. e4 {[%emt 0:00:00]} e6 {[%emt 0:00:00]} 2. d4 {[%emt 0:00:00]} d5 {[%emt 0:00:00]} 3. Nd2 {[%emt 0:01:09]} Nf6 {[%emt 0:00:00]} 4. e5 {[%emt 0:00:25]} Nfd7 {[%emt 0:00:00]} 5. Ngf3 {[%emt 0:01:23]} c5 {[%emt 0:00:04]} 6. c3 {[%emt 0:00:52]} Nc6 {[%emt 0:00:07]} 7. Be2 {[%emt 0:01:17]} f6 {[%emt 0:01:41]} 8. exf6 {[%emt 0:01:33]} Nxf6 {[%emt 0:00:13]} 9. O-O {[%emt 0:00:17]} Bd6 {[%emt 0:00:12]} 10. Bd3 {[%emt 0:01:51]} O-O {[%emt 0:00:14]} 11. Re1 {[%emt 0:00:41]} Qc7 {[%emt 0:00:48]} 12. Nf1 {[%emt 0:01:50]} e5 {[%emt 0:01:36]} 13. dxe5 {[%emt 0:03:52]} Nxe5 {[%emt 0:00:34]} 14. Nxe5 {[%emt 0:03:08]} Bxe5 {[%emt 0:00:03]} 15. Ng3 {[%emt 0:02:39]} Bg4 {[%emt 0:06:58]} 16. Qc2 {[%emt 0:05:34]} Rae8 {[%emt 0:01:05]} 17. Bg5 {[%emt 0:02:16]} g6 {[%emt 0:02:53]} 18. Bxf6 {[%emt 0:07:51]} Rxf6 {[%emt 0:02:02]} 19. Qa4 {[%emt 0:01:34]} Bd7 {[%emt 0:02:52]} 20. Qxa7 {[%emt 0:05:26]} Rff8 {[%emt 0:03:13]} 21. b4 {[%emt 0:09:31]} Bxc3 {[%emt 0:01:34]} 22. Rxe8 {[%emt 0:02:22]} Rxe8 {[%emt 0:00:55]} 23. Rb1 {[%emt 0:02:30]} Bxb4 {[%emt 0:01:03]} 24. Be2 {[%emt 0:08:45]} Bc6 {[%emt 0:02:27]} 25. Ba6 {[%emt 0:04:23]} Qa5 {[%emt 0:01:07]} 1/2-1/2